| 000 | 01927nkc a2200301za 4500 | ||
|---|---|---|---|
| 001 | 84582 | ||
| 003 | OSt | ||
| 005 | 20260423160512.0 | ||
| 007 | kh boc | ||
| 008 | 250410s1909 sp ||||| ||||||0| i|spa d | ||
| 040 |
_cM-RABA _aM-RABA _bspa |
||
| 245 | 0 | 0 |
_aD. Fernando en el cerco de Jaén admite besar la mano al Rey moro de Granada quien le entrega Jaén _h[Material gráfico] _c/ José Guerra García |
| 246 | _aMuhámmad ibn Nasr ante Fernando III en el cerco de Jaén | ||
| 260 |
_b[Hauser y Menet] _c, [ca. 1909] |
||
| 300 |
_a1 fotografía _b: gelatina de plata _c; imagen 15 x 14 cm _c; soporte secundario 30 x 24 cm |
||
| 500 | _aFotografía del relieve "Muhámmad ibn Nasr ante Fernando III en el cerco de Jaén" de José Guerra García, obteniendo el primer premio de la Academia en Escultura, de segunda clase en el año 1778. Se conserva en el Museo de la Real Academia de Bellas Artes de San Fernando con nº de inventario E-139. | ||
| 500 | _aMontada sobre un soporte secundario de cartón, con texto manuscrito a lápiz en la parte inferior al recto: "D. Fernando en el cerco de Jaén admite besar la mano al Rey moro de Granada quien le entrega Jaén. 1778-2ª clase. 1º premio de la 2ª clase José Guerra". Nota manuscrita al verso a lápiz: "1778-2ª clase". | ||
| 500 | _aFecha probable de la realización de la fotografía realizada por Hauser y Menet. | ||
| 544 | _aArchivo de la Real Academia de Bellas Artes de San Fernando (Le-4-29-1) | ||
| 600 | 1 | 7 |
_aGuerra, José _915543 |
| 610 | 2 | 4 |
_aReal Academia de Bellas Artes de San Fernando. _975832 |
| 651 | 7 |
_aMadrid _2embne _975182 |
|
| 655 | 7 |
_aFotografías de obras de arte _975675 |
|
| 710 | 2 |
_aHauser y Menet (Madrid) _950978 |
|
| 852 | _jFot-608 | ||
| 856 |
_3Fot-608 _uhttps://archivoybiblioteca.realacademiabellasartessanfernando.com/cgi-bin/koha/opac-retrieve-file.pl?id=a6d81a4f82ca88607058eb332b228716 |
||
| 942 |
_2ddc _cFOTOGRAFÍA _n0 |
||
| 999 |
_c84582 _d84582 |
||